000 00655nam a2200181Ia 4500
008 151018s9999 xx 000 0 und d
082 _bRBASDV44617
_a340
100 _aअभया शेलकर
245 _aशैक्षणिक कर्मचारी नेमणूक
250 _b1
260 _bनाशिक लॉ हाऊस
_c2008
300 _a216
600 _aअभया शेलकर
630 _aशैक्षणिक कर्मचारी नेमणूक
700 _aअभया शेलकर
730 _aशैक्षणिक कर्मचारी नेमणूक
942 _cBOOK
999 _c1043814
_d1043811